Biologické metódy ochrany lesa

Podrobná bibliografia
Hlavní autori: Kunca, Andrej, 1973- (Autor), Zúbrik, Milan, 1966- (Autor), Leontovyč, Roman, 1930-1994 (Autor), Vakula, Jozef (Autor), Gubka, Andrej (Autor)
Médium: Článok
Jazyk:slovenčina
Fyzický popis:Graf
ISSN:1335-440X
Predmet:

MARC

LEADER 00000nab a2200000 ar4500
001 vtls010169066
003 SK-MaSNL
005 20260304035015.0
008 100916c20100723xo ||||||||||||00 b|slo
015 |a SNBRB2010/09  |2 snkbucl 
038 |a SNKBUCL 
040 |a SNKBUCL  |b slo  |c SNKBUCL  |e AACR2 
041 0 |a slo 
044 |a xo  |c SK 
080 |a 630*41  |2 1997 
080 |a 632.937  |2 1997 
245 0 0 |a Biologické metódy ochrany lesa  |c Andrej Kunca ... [et al.] 
300 |b Graf 
650 0 7 |a ochrana lesa  |2 snkbucl  |9 2455 
650 0 7 |a biologická ochrana rastlín  |2 snkbucl  |9 224755 
700 1 |a Kunca, Andrej,  |d 1973-  |4 aut  |9 192293 
700 1 |a Zúbrik, Milan,  |d 1966-  |4 aut  |9 117050 
700 1 |a Leontovyč, Roman,  |d 1930-1994  |4 aut  |9 27055 
700 1 |a Vakula, Jozef  |4 aut  |9 332253 
700 1 |a Gubka, Andrej  |4 aut  |9 245192 
773 0 |t Sme. Roľnícke noviny  |g Č. 168 (23.7.2010)  |x 1335-440X 
773 0 8 |i Príl.:  |t Roľnícke noviny  |g Č. 30 (21.7.2010), s. 7-8 
852 |a SNK  |b KIS3GCP 
999 |c 2655870  |d 2657800